000 01094nam a2200313 i 4500
001 42835
003 gtgccic
005 20250813151410.0
007 ta
008 250813| gt ||||| |||| 00| 0 spa d
040 _agtgccic
_bspa
_cgtgccic
_erda
084 _0C-86-2441
100 1 0 _aMérida Alva, Carmén Marina
_d1986
_eAutor
245 1 0 _aCausas de los deslizamientos de tierra y reducción de riesgos /
_cCarmen Marina Mérida Alva
264 1 _aGuatemala, Guatemala :
_bUniversidad de San Carlos de Guatemala, Facultad de Ingeniería,
_c1986.
300 _a138 páginas :
_bIlustraciones,
_c27 cm
336 _2rdacontenido
_aTexto
_btxt
337 _2rdamedio
_asin mediación
_bn
338 _2rdasoporte
_avolumen
_bnc
502 _aIngeniera Civil,
_bTesis de grado,
_cUSAC,
_d1986.
_oC19862441
504 _aBibliografía páginas 119-122
546 _aespañol
650 1 4 _aErosión de suelos
650 1 4 _aConservación de suelos
650 1 4 _aGeología - Investigaciones
700 1 0 _aTobar Jiménez, Carlos Alberto
_eAsesor
942 _0tes
_cTES
_kC19862441
_n0
945 _aMC
999 _c991
_d991